Cálculo de la huella de carbono emitida en Costa Rica al construir una casa típica de clase media en condominio horizontal en el Gran Área Metropolitana
Guardat en:
| Autor principal: | |
|---|---|
| Altres autors: | |
| Format: | Llibre |
| Idioma: | Spanish |
| Publicat: |
[San José ], Costa Rica
2019
|
| Matèries: |
GASES DEL EFECTO INVERNADERO - ASPECTOS AMBIENTALES - COSTA RICA
> MITIGACION DE GASES DEL EFECTO INVERNADERO
> EMISIONES DE GASES - MEDICIONES
> MATERIALES DE CONSTRUCCION - ASPECTOS AMBIENTALES
> CONSTRUCCION DE VIVIENDAS - ASPECTOS AMBIENTALES - GRAN AREA METROPOLITANA (COSTA RICA)
> CONDOMINIO - GRAN AREA METROPOLITANA (COSTA RICA)
> DIOXIDO DE CARBONO - MEDICIONES
|
| Etiquetes: |
Afegir etiqueta
Sense etiquetes, Sigues el primer a etiquetar aquest registre!
|
MARC
| LEADER | 00000nam a22000007a 4500 | ||
|---|---|---|---|
| 003 | 013015 | ||
| 005 | 20230504142720.0 | ||
| 008 | 190823b2019 c a|||| ||m| 00| ||spa d | ||
| 040 | |c cru CEDI | ||
| 100 | |9 18142 |a Caro Flórez, José Daniel | ||
| 245 | |a Cálculo de la huella de carbono emitida en Costa Rica al construir una casa típica de clase media en condominio horizontal en el Gran Área Metropolitana | ||
| 260 | |a [San José ], Costa Rica |c 2019 | ||
| 500 | |a Proyecto de graduación (licenciatura en ingeniería civil)--Universidad de Costa Rica. Facultad de Ingeniería. Escuela de Ingeniería Civil. Departamento. Ambiental | ||
| 501 | |a Directora de Proyecto de Graduación: Ing. Paola Vidal Rivera | ||
| 650 | |x GASES DEL EFECTO INVERNADERO - ASPECTOS AMBIENTALES - COSTA RICA |x MITIGACION DE GASES DEL EFECTO INVERNADERO |x EMISIONES DE GASES - MEDICIONES |x MATERIALES DE CONSTRUCCION - ASPECTOS AMBIENTALES |x CONSTRUCCION DE VIVIENDAS - ASPECTOS AMBIENTALES - GRAN AREA METROPOLITANA (COSTA RICA) |x CONDOMINIO - GRAN AREA METROPOLITANA (COSTA RICA) |x DIOXIDO DE CARBONO - MEDICIONES | ||
| 700 | |9 2 |a Vidal Rivera, Paola Marcela 1979- |d Directora del TFG | ||
| 942 | |c CEDI |h TFG 8255 |6 TFG_8255_000000000000000 | ||
| 999 | |c 21770 |d 21770 | ||
